000 00586nam a2200193Ia 4500
005 20250508164818.0
008 008 250505s9999 xx 000 0 eng d
037 _aDissertations
040 _aFEDL
_beng
_cFEDL
041 _aeng
_2eng
084 _a153.35, MEH/DI
_qFEDL
100 _aMehta Vijay Kumar
_9772107
245 0 _aStudy of components of creative thinking in relation to risk taking behaviour
260 _c1981
300 _a153p.
546 _aM.Phil Dissertation, (Delhi University)
942 _cDIS
_h153.35, MEH/DI
999 _c1391345
_d1391345